[Event "3. Igor Platonov Memorial"]
[Site "Kyiv UKR"]
[Date "2005.01.04"]
[Round "1.1"]
[White "Moliboga, Vladimir"]
[Black "Lutsko, Igor"]
[Result "0-1"]
[WhiteElo "2314"]
[BlackElo "2527"]
[PlyCount "140"]
[EventDate "2005.01.04"]
[EventType "tourn"]
[EventRounds "9"]
[EventCountry "UKR"]
[EventCategory "8"]
[Source "lmi"]
[SourceDate "2005.01.12"]

1. e4 c5 2. Nf3 d6 3. d4 cxd4 4. Nxd4 Nf6 5. Nc3 Nc6 6. Bc4 e6 7. Bb3 a6 8. O-O
Qc7 9. Be3 Na5 10. f4 b5 11. f5 e5 12. Nde2 Bb7 13. Nd5 Nxd5 14. Bxd5 Nc4 15.
Bc1 Qc5+ 16. Kh1 Bxd5 17. exd5 Nb6 18. Nc3 Be7 19. Qf3 Nd7 20. Be3 Qc4 21. Ne4
Nf6 22. Nxf6+ Bxf6 23. c3 O-O 24. Rfd1 Rac8 25. Rd2 b4 26. cxb4 Qxb4 27. Qf2
Qe4 28. Rf1 Rc4 29. h3 Rfc8 30. Kh2 h6 31. Qf3 Qxf3 32. Rxf3 Rc1 33. g4 Ra1 34.
a3 a5 35. Kg2 a4 36. Rff2 Rac1 37. Kf3 Rb8 38. Rc2 Rh1 39. Kg2 Rd1 40. Rfd2 Re1
41. Bf2 Rb1 42. Be3 Rb3 43. Re2 Kh7 44. Bf2 g6 45. fxg6+ Kxg6 46. Rc6 R1xb2 47.
Rxb2 Rxb2 48. Rxd6 Kg7 49. Kf1 Rb3 50. Ra6 Rxa3 51. d6 Rxh3 52. Rxa4 Rd3 53.
Bc5 Rd5 54. Rc4 Bg5 55. Ke2 Kf6 56. Bb4 Ke6 57. Rc8 Rd4 58. Bc3 Re4+ 59. Kf3
Re3+ 60. Kf2 Kxd6 61. Bb4+ Kd7 62. Ra8 Rb3 63. Bf8 f6 64. Ra6 Rb7 65. Kf3 Ke8
66. Bc5 Rc7 67. Bd6 Rc3+ 68. Ke4 Kf7 69. Ra7+ Ke6 70. Bxe5 Re3+ 0-1

[Event "3. Igor Platonov Memorial"]
[Site "Kyiv UKR"]
[Date "2005.01.04"]
[Round "1.2"]
[White "Kochetkov, Vitali"]
[Black "Shishkin, Vadim"]
[Result "0-1"]
[WhiteElo "2364"]
[BlackElo "2488"]
[PlyCount "56"]
[EventDate "2005.01.04"]
[EventType "tourn"]
[EventRounds "9"]
[EventCountry "UKR"]
[EventCategory "8"]
[Source "lmi"]
[SourceDate "2005.01.12"]

1. Nf3 Nf6 2. d4 g6 3. c4 Bg7 4. Nc3 d5 5. cxd5 Nxd5 6. e4 Nxc3 7. bxc3 c5 8.
Be3 Qa5 9. Qb3 O-O 10. Bd2 Nc6 11. d5 Ne5 12. Nxe5 Bxe5 13. f4 Bg7 14. Be2 e5
15. c4 Qd8 16. O-O exf4 17. Bxf4 Bxa1 18. Rxa1 Qf6 19. Rf1 Qd4+ 20. Be3 Qxe4
21. Bf3 Qe7 22. Qa3 Re8 23. Bxc5 Qg5 24. d6 Be6 25. Bxb7 Bxc4 26. d7 Bxf1 27.
dxe8=Q+ Rxe8 28. Kxf1 Qd2 0-1

[Event "3. Igor Platonov Memorial"]
[Site "Kyiv UKR"]
[Date "2005.01.04"]
[Round "1.4"]
[White "Vysochin, Spartak"]
[Black "Itkis, Boris"]
[Result "1/2-1/2"]
[WhiteElo "2579"]
[BlackElo "2454"]
[PlyCount "74"]
[EventDate "2005.01.04"]
[EventType "tourn"]
[EventRounds "9"]
[EventCountry "UKR"]
[EventCategory "8"]
[Source "lmi"]
[SourceDate "2005.01.12"]

1. e4 e5 2. Nf3 Nc6 3. Bb5 Nf6 4. d3 d6 5. c3 g6 6. O-O Bg7 7. Re1 O-O 8. h3
Bd7 9. Ba4 Re8 10. Nbd2 Qe7 11. Nf1 Qf8 12. Ng3 Rad8 13. d4 h6 14. a3 Na5 15.
Bxd7 Nxd7 16. d5 b6 17. b4 Nb7 18. Qa4 Qe7 19. Qa6 Rb8 20. Be3 Rf8 21. Qd3 a5
22. Nd2 Ra8 23. Rac1 Kh7 24. Rc2 Qe8 25. Nb1 f5 26. exf5 gxf5 27. Nd2 Qg6 28.
Qc4 Nf6 29. Qxc7 Rf7 30. Qc4 f4 31. Nge4 Nxe4 32. Nxe4 fxe3 33. Rxe3 Nd8 34.
Rg3 Qf5 35. Qd3 Kg8 36. Nxd6 Qxd3 37. Rxd3 Rc7 1/2-1/2

[Event "3. Igor Platonov Memorial"]
[Site "Kyiv UKR"]
[Date "2005.01.04"]
[Round "1.5"]
[White "Kruppa, Yuri"]
[Black "Kislinsky, Alexey"]
[Result "1/2-1/2"]
[WhiteElo "2553"]
[BlackElo "2406"]
[PlyCount "87"]
[EventDate "2005.01.04"]
[EventType "tourn"]
[EventRounds "9"]
[EventCountry "UKR"]
[EventCategory "8"]
[Source "lmi"]
[SourceDate "2005.01.12"]

1. d4 Nf6 2. c4 c5 3. d5 e6 4. Nc3 exd5 5. cxd5 Bd6 6. Nf3 Bc7 7. g3 d6 8. Bg2
O-O 9. O-O a6 10. a3 Re8 11. b4 Nbd7 12. Bb2 b5 13. Qc2 Bb6 14. Rad1 Bb7 15. h3
Rc8 16. Qb1 cxb4 17. axb4 Rc4 18. Ba1 h6 19. Nd2 Rc7 20. Nde4 Nxe4 21. Nxe4 Ne5
22. g4 Ng6 23. e3 Nh4 24. Bh1 Bc8 25. Ng3 f5 26. gxf5 Qg5 27. Kh2 Nxf5 28. Ne4
Qh4 29. Rg1 Rxe4 30. Qxe4 Qxf2+ 31. Rg2 Qxe3 32. Re1 Qxe4 33. Rxe4 Bb7 34. Rge2
Rc1 35. Re1 Rc2+ 36. R4e2 Rxe2+ 37. Rxe2 Ne3 38. Kg3 g6 39. Be4 Kf7 40. Re1 Bc8
41. Kf3 Nc4 42. Kg3 Ne3 43. Kf3 Nc4 44. Kg3 1/2-1/2

[Event "3. Igor Platonov Memorial"]
[Site "Kyiv UKR"]
[Date "2005.01.04"]
[Round "1.3"]
[White "Pavlov, Sergey"]
[Black "Sergeev, Vladimir"]
[Result "1/2-1/2"]
[WhiteElo "2368"]
[BlackElo "2438"]
[PlyCount "66"]
[EventDate "2005.01.04"]
[EventType "tourn"]
[EventRounds "9"]
[EventCountry "UKR"]
[EventCategory "8"]
[Source "lmi"]
[SourceDate "2005.01.12"]

1. e4 e5 2. Nf3 d6 3. d4 exd4 4. Nxd4 Nf6 5. Nc3 Be7 6. g3 Nc6 7. Bg2 Bg4 8.
Nde2 Ne5 9. f4 Ned7 10. h3 Bxe2 11. Qxe2 O-O 12. O-O Re8 13. Be3 c6 14. Qf2 Qc7
15. g4 Nb6 16. b3 d5 17. e5 Nfd7 18. a4 Bb4 19. Ne2 f6 20. c3 Bf8 21. a5 Nc8
22. Bd4 fxe5 23. fxe5 Ne7 24. Qf7+ Kh8 25. Nf4 c5 26. e6 Ne5 27. Nxd5 Qd6 28.
Bxe5 Qxe5 29. Rae1 Qd6 30. Rd1 Nxd5 31. Qxb7 Qxe6 32. Qxd5 Qe3+ 33. Kh1 Qxc3
1/2-1/2

[Event "3. Igor Platonov Memorial"]
[Site "Kyiv UKR"]
[Date "2005.01.05"]
[Round "2.3"]
[White "Kislinsky, Alexey"]
[Black "Pavlov, Sergey"]
[Result "1-0"]
[WhiteElo "2406"]
[BlackElo "2368"]
[PlyCount "57"]
[EventDate "2005.01.04"]
[EventType "tourn"]
[EventRounds "9"]
[EventCountry "UKR"]
[EventCategory "8"]
[Source "lmi"]
[SourceDate "2005.01.12"]

1. e4 e5 2. f4 exf4 3. Bc4 Nf6 4. Nc3 Nc6 5. Nf3 Bb4 6. O-O O-O 7. e5 Ng4 8. d4
d6 9. h3 Bxc3 10. bxc3 Ne3 11. Bxe3 fxe3 12. Qe1 dxe5 13. dxe5 Qe7 14. Qxe3 Be6
15. Bd3 Rad8 16. Rae1 h6 17. Kh1 Rfe8 18. Qe4 g6 19. Qe3 Kg7 20. Nd4 Nxd4 21.
cxd4 c5 22. dxc5 Rc8 23. Rf6 Rxc5 24. Qg3 g5 25. Ref1 Bxa2 26. Qf2 Be6 27. Qe2
Rd8 28. Qh5 Rh8 29. Qg6+ 1-0

[Event "3. Igor Platonov Memorial"]
[Site "Kyiv UKR"]
[Date "2005.01.05"]
[Round "2.4"]
[White "Sergeev, Vladimir"]
[Black "Vysochin, Spartak"]
[Result "0-1"]
[WhiteElo "2438"]
[BlackElo "2579"]
[PlyCount "84"]
[EventDate "2005.01.04"]
[EventType "tourn"]
[EventRounds "9"]
[EventCountry "UKR"]
[EventCategory "8"]
[Source "lmi"]
[SourceDate "2005.01.12"]

1. e4 e6 2. Qe2 d5 3. exd5 Qxd5 4. Nf3 Nf6 5. Nc3 Qd8 6. g3 b6 7. Bg2 Bb7 8. b3
Be7 9. Bb2 O-O 10. O-O Nbd7 11. Rad1 c6 12. Rfe1 Qc7 13. Ng5 Rad8 14. h4 Rfe8
15. d3 h6 16. Nge4 a6 17. Nb1 c5 18. Nbd2 Nd5 19. c4 Nb4 20. Nf3 f5 21. Nc3 Bf6
22. a3 Nc6 23. Nb1 Bxb2 24. Qxb2 e5 25. Nc3 Nf6 26. b4 Nd4 27. Nxd4 cxd4 28.
Nb1 Bxg2 29. Kxg2 Qd6 30. Nd2 e4 31. c5 bxc5 32. bxc5 Qxc5 33. dxe4 fxe4 34.
Nb3 Qb6 35. Qa2 Kh8 36. Rb1 e3 37. fxe3 dxe3 38. Qe2 Nd5 39. Rec1 Rf8 40. Nc5
Qg6 41. Kh3 Rf2 42. Qd3 Nf4+ 0-1

[Event "3. Igor Platonov Memorial"]
[Site "Kyiv UKR"]
[Date "2005.01.05"]
[Round "2.5"]
[White "Itkis, Boris"]
[Black "Kochetkov, Vitali"]
[Result "1-0"]
[WhiteElo "2454"]
[BlackElo "2364"]
[PlyCount "139"]
[EventDate "2005.01.04"]
[EventType "tourn"]
[EventRounds "9"]
[EventCountry "UKR"]
[EventCategory "8"]
[Source "lmi"]
[SourceDate "2005.01.12"]

1. d4 e6 2. c4 f5 3. g3 Nf6 4. Bg2 c6 5. Nf3 d5 6. O-O Be7 7. b3 Ne4 8. Ba3 Nd6
9. Nbd2 Nd7 10. Qc2 O-O 11. Ne1 Nf6 12. Nd3 Bd7 13. Nf3 Qe8 14. Rac1 Rd8 15. e3
Nfe4 16. Nfe5 Bc8 17. f3 Ng5 18. Bb2 Rf6 19. c5 Nb5 20. Qd2 Nc7 21. Qa5 Na6 22.
a4 Bd7 23. Qd2 Nf7 24. Qe2 Nxe5 25. Nxe5 Qh5 26. Bc3 Be8 27. h3 Rf8 28. g4 Qh6
29. f4 g5 30. Ba5 Rc8 31. Be1 Nb8 32. Bg3 Nd7 33. Nf3 Bg6 34. Rce1 fxg4 35.
hxg4 Be4 36. Nxg5 Bxg2 37. Kxg2 Bxg5 38. fxg5 Qxg5 39. Bd6 Rxf1 40. Rxf1 Nf6
41. Rf4 Qg6 42. Qf3 Nd7 43. Kg3 Re8 44. b4 a6 45. Qf1 Kg7 46. b5 axb5 47. axb5
Ra8 48. bxc6 bxc6 49. Qf2 Kg8 50. Qb2 Qe8 51. Rf1 Kg7 52. e4 Kg8 53. e5 Qg6 54.
Rf3 Kh8 55. Qd2 Rg8 56. Rf4 Qb1 57. Qe3 Qd1 58. Rf3 Qb1 59. Qf2 Qg6 60. Rf4
Qd3+ 61. Qf3 Qxf3+ 62. Kxf3 Kg7 63. Kg3 Ra8 64. Rf3 Ra4 65. Rb3 Nf8 66. Rb6 Ng6
67. Rxc6 Ra3+ 68. Kf2 Kh6 69. Rc8 Kg5 70. c6 1-0

[Event "3. Igor Platonov Memorial"]
[Site "Kyiv UKR"]
[Date "2005.01.06"]
[Round "3.1"]
[White "Pavlov, Sergey"]
[Black "Moliboga, Vladimir"]
[Result "1-0"]
[WhiteElo "2368"]
[BlackElo "2314"]
[PlyCount "175"]
[EventDate "2005.01.04"]
[EventType "tourn"]
[EventRounds "9"]
[EventCountry "UKR"]
[EventCategory "8"]
[Source "lmi"]
[SourceDate "2005.01.12"]

1. e4 g6 2. d4 Bg7 3. Nc3 d6 4. Nge2 Nc6 5. Be3 e5 6. dxe5 dxe5 7. Qxd8+ Nxd8
8. O-O-O Ne6 9. f3 Nf6 10. g4 c6 11. h4 h5 12. g5 Nd7 13. Bh3 Ke7 14. Rd2 Nb6
15. b3 Rd8 16. a4 Rxd2 17. Bxd2 a5 18. Nd1 Nd4 19. Nxd4 exd4 20. Bf1 Nd7 21.
Nb2 Be5 22. f4 Bc7 23. Be2 Nc5 24. Re1 Bg4 25. Bf1 Ne6 26. Nd3 b5 27. axb5 cxb5
28. Bg2 Rc8 29. Kb2 b4 30. Bf1 Bd6 31. Ra1 Bc7 32. Re1 Bd6 33. Be2 Nc5 34. Bxg4
hxg4 35. Rg1 Kd7 36. Nf2 Re8 37. e5 Be7 38. Nxg4 Ne4 39. Bc1 Ke6 40. Re1 Ng3
41. Rd1 Bc5 42. Bd2 Rh8 43. Be1 Ne2 44. Bf2 Nxf4 45. Rf1 Nd5 46. Be1 Ne3 47.
Rf6+ Kd5 48. Nh6 Rc8 49. Rxf7 Kxe5 50. Bg3+ Ke4 51. Kb1 Nd5 52. Ng4 d3 53.
cxd3+ Kxd3 54. Rd7 Ke4 55. Nf6+ Nxf6 56. gxf6 Kf5 57. f7 Ke6 58. Rb7 Be3 59.
Bc7 Bd2 60. Bxa5 Rf8 61. Bxb4 Bxb4 62. Rxb4 Rxf7 63. Rg4 Kf5 64. Rg5+ Kf6 65.
Kb2 Rb7 66. Rg4 Kf5 67. Rc4 Ke5 68. b4 Kd5 69. Kb3 Rb8 70. Rc5+ Ke6 71. b5 Rh8
72. Rc4 Kd6 73. Kb4 Ra8 74. Rc6+ Kd5 75. Rxg6 Ra1 76. h5 Rb1+ 77. Ka5 Kc5 78.
Rc6+ Kd5 79. Ka6 Ra1+ 80. Kb7 Rf1 81. h6 Rf7+ 82. Rc7 Rf8 83. h7 Rh8 84. b6 Kd6
85. Ka7 Rf8 86. Rc2 Rh8 87. b7 Rxh7 88. Ka8 1-0

[Event "3. Igor Platonov Memorial"]
[Site "Kyiv UKR"]
[Date "2005.01.06"]
[Round "3.2"]
[White "Kruppa, Yuri"]
[Black "Lutsko, Igor"]
[Result "1/2-1/2"]
[WhiteElo "2553"]
[BlackElo "2527"]
[PlyCount "79"]
[EventDate "2005.01.04"]
[EventType "tourn"]
[EventRounds "9"]
[EventCountry "UKR"]
[EventCategory "8"]
[Source "lmi"]
[SourceDate "2005.01.12"]

1. d4 Nf6 2. c4 g6 3. Nc3 Bg7 4. e4 d6 5. Nf3 O-O 6. Be2 Na6 7. Be3 e5 8. O-O
c6 9. d5 Ng4 10. Bg5 f6 11. Bh4 c5 12. Ne1 h5 13. h3 Nh6 14. a3 Nc7 15. Nd3 Ne8
16. f4 g5 17. fxg5 fxg5 18. Rxf8+ Bxf8 19. Be1 g4 20. h4 g3 21. Bxg3 Ng4 22.
Bxg4 Bxg4 23. Qd2 Qf6 24. Bf2 Bh6 25. Be3 Bxe3+ 26. Qxe3 Qxh4 27. Rf1 Kg7 28.
Ne1 Rd8 29. g3 Qe7 30. Ng2 Kh7 31. Nh4 Ng7 32. Qf2 Rd7 33. Kg2 Qg5 34. Qf8 Rd8
35. Qf6 Qxf6 36. Rxf6 Kg8 37. Nb5 Ne8 38. Rf2 a6 39. Nc3 Kg7 40. b3 1/2-1/2

[Event "3. Igor Platonov Memorial"]
[Site "Kyiv UKR"]
[Date "2005.01.06"]
[Round "3.4"]
[White "Kochetkov, Vitali"]
[Black "Sergeev, Vladimir"]
[Result "0-1"]
[WhiteElo "2364"]
[BlackElo "2438"]
[PlyCount "118"]
[EventDate "2005.01.04"]
[EventType "tourn"]
[EventRounds "9"]
[EventCountry "UKR"]
[EventCategory "8"]
[Source "lmi"]
[SourceDate "2005.01.12"]

1. e4 Nf6 2. e5 Nd5 3. d4 d6 4. Nf3 Nb6 5. Be2 g6 6. c4 Bg7 7. exd6 cxd6 8. Nc3
O-O 9. O-O Nc6 10. h3 Bf5 11. Bg5 h6 12. Bh4 d5 13. c5 Nc4 14. b3 N4a5 15. Rc1
Be4 16. Ne5 Nxe5 17. dxe5 Bxe5 18. f3 Bxc3 19. Rxc3 d4 20. Rc1 Bf5 21. g4 Be6
22. Qd2 Kh7 23. f4 Nc6 24. f5 gxf5 25. Bd3 f6 26. Rce1 Ne5 27. Bg3 Nxd3 28.
Qxd3 Bf7 29. gxf5 Rg8 30. Kh2 Qd7 31. Re4 Rg7 32. Qxd4 Rd8 33. Qxd7 Rxd7 34.
Rfe1 Bh5 35. Rf4 Rd3 36. Rg1 Bf3 37. Bf2 Rxg1 38. Bxg1 Kg7 39. c6 Rd2+ 40. Kg3
Bxc6 41. Bxa7 Rxa2 42. Bc5 Kf7 43. Rf2 Ra5 44. b4 Ra3+ 45. Kh2 Bf3 46. Rf1 e5
47. fxe6+ Kxe6 48. Re1+ Kf5 49. Kg3 Be4+ 50. Re3 Ra2 51. Kh4 Kf4 52. Rc3 Ke5
53. Bf8 Rb2 54. Re3 Rb1 55. Kh5 b6 56. Kxh6 f5 57. h4 f4 58. Rc3 f3 59. Bg7+
Kd5 0-1

[Event "3. Igor Platonov Memorial"]
[Site "Kyiv UKR"]
[Date "2005.01.06"]
[Round "3.5"]
[White "Shishkin, Vadim"]
[Black "Itkis, Boris"]
[Result "1/2-1/2"]
[WhiteElo "2488"]
[BlackElo "2454"]
[PlyCount "35"]
[EventDate "2005.01.04"]
[EventType "tourn"]
[EventRounds "9"]
[EventCountry "UKR"]
[EventCategory "8"]
[Source "lmi"]
[SourceDate "2005.01.12"]

1. d4 d5 2. c4 c6 3. Nf3 Nf6 4. Nc3 dxc4 5. a4 Bf5 6. Ne5 Nbd7 7. Nxc4 Qc7 8.
g3 e5 9. dxe5 Nxe5 10. Bf4 Nfd7 11. Bg2 f6 12. O-O Nc5 13. Ne3 Bg6 14. b4 Ne6
15. b5 Rd8 16. Qc1 Nd4 17. Qb2 Bc5 18. Rfc1 1/2-1/2

[Event "3. Igor Platonov Memorial"]
[Site "Kyiv UKR"]
[Date "2005.01.07"]
[Round "4.2"]
[White "Kruppa, Yuri"]
[Black "Pavlov, Sergey"]
[Result "1/2-1/2"]
[WhiteElo "2553"]
[BlackElo "2368"]
[PlyCount "36"]
[EventDate "2005.01.04"]
[EventType "tourn"]
[EventRounds "9"]
[EventCountry "UKR"]
[EventCategory "8"]
[Source "lmi"]
[SourceDate "2005.01.12"]

1. d4 Nf6 2. c4 g6 3. Nc3 Bg7 4. e4 d6 5. Nf3 O-O 6. Be2 e5 7. Be3 h6 8. O-O
Ng4 9. Bc1 Nd7 10. d5 f5 11. g3 fxe4 12. Nh4 g5 13. Ng2 Ngf6 14. h4 gxh4 15.
Nxh4 Nc5 16. Kg2 Qd7 17. Rh1 Ng4 18. Bxg4 Qxg4 1/2-1/2

[Event "3. Igor Platonov Memorial"]
[Site "Kyiv UKR"]
[Date "2005.01.07"]
[Round "4.3"]
[White "Kislinsky, Alexey"]
[Black "Kochetkov, Vitali"]
[Result "1-0"]
[WhiteElo "2406"]
[BlackElo "2364"]
[PlyCount "41"]
[EventDate "2005.01.04"]
[EventType "tourn"]
[EventRounds "9"]
[EventCountry "UKR"]
[EventCategory "8"]
[Source "lmi"]
[SourceDate "2005.01.12"]

1. e4 e6 2. d4 d5 3. e5 c5 4. c3 Nc6 5. Nf3 Nge7 6. a3 c4 7. Nbd2 f6 8. exf6
gxf6 9. Nh4 Bg7 10. b3 O-O 11. bxc4 e5 12. Bd3 exd4 13. cxd4 dxc4 14. Bxc4+ Kh8
15. Ndf3 f5 16. O-O Nxd4 17. Ng5 Ne6 18. Qh5 Nxg5 19. Bxg5 Bf6 20. Rad1 Qb6 21.
Qh6 1-0

[Event "3. Igor Platonov Memorial"]
[Site "Kyiv UKR"]
[Date "2005.01.07"]
[Round "4.4"]
[White "Sergeev, Vladimir"]
[Black "Shishkin, Vadim"]
[Result "1-0"]
[WhiteElo "2438"]
[BlackElo "2488"]
[PlyCount "69"]
[EventDate "2005.01.04"]
[EventType "tourn"]
[EventRounds "9"]
[EventCountry "UKR"]
[EventCategory "8"]
[Source "lmi"]
[SourceDate "2005.01.12"]

1. d4 Nf6 2. Nf3 g6 3. Bg5 Bg7 4. c3 d5 5. Nbd2 O-O 6. e3 Nbd7 7. Be2 Re8 8.
O-O e5 9. b4 c6 10. Rb1 a5 11. b5 c5 12. dxe5 Nxe5 13. Nxe5 Rxe5 14. Bf4 Re6
15. Bf3 b6 16. c4 Bb7 17. Bg5 Re7 18. cxd5 Bxd5 19. e4 Bb7 20. e5 Rxe5 21. Bxb7
Rxg5 22. Bxa8 Qxa8 23. Qf3 Nd5 24. Nc4 Rf5 25. Qe4 Bd4 26. Rbe1 Kf8 27. Nd6 Rf6
28. Qe8+ Qxe8 29. Rxe8+ Kg7 30. Rd8 Nc7 31. Rd7 Kf8 32. a4 Ne6 33. g3 g5 34.
Kg2 g4 35. f3 1-0

[Event "3. Igor Platonov Memorial"]
[Site "Kyiv UKR"]
[Date "2005.01.08"]
[Round "5.1"]
[White "Kochetkov, Vitali"]
[Black "Moliboga, Vladimir"]
[Result "1/2-1/2"]
[WhiteElo "2364"]
[BlackElo "2314"]
[PlyCount "127"]
[EventDate "2005.01.04"]
[EventType "tourn"]
[EventRounds "9"]
[EventCountry "UKR"]
[EventCategory "8"]
[Source "lmi"]
[SourceDate "2005.01.12"]

1. d4 Nf6 2. c4 g6 3. Nf3 Bg7 4. g3 O-O 5. Bg2 d6 6. O-O Nbd7 7. Nc3 e5 8. h3
c6 9. dxe5 Nxe5 10. Nxe5 dxe5 11. Qxd8 Rxd8 12. Be3 Be6 13. b3 Bf8 14. Rad1
Rxd1 15. Rxd1 Bb4 16. Na4 Nd7 17. h4 h5 18. Bd2 Be7 19. Kh2 Nc5 20. Bb4 Nxa4
21. Bxe7 Nb6 22. a4 Nd7 23. a5 a6 24. Ba3 f5 25. e4 fxe4 26. Bxe4 Kf7 27. Kg2
Re8 28. Rd6 Nf6 29. Bc2 Ng4 30. Bc5 Nh6 31. Rd2 Nf5 32. Be4 Bc8 33. Kf1 Ng7 34.
Be3 Bf5 35. Bf3 e4 36. Be2 Bc8 37. b4 Nf5 38. Kg2 Be6 39. Bb6 Rc8 40. Kf1 Ne7
41. Rd4 Bf5 42. Ke1 Ng8 43. Kd2 Nf6 44. Rd6 e3+ 45. Ke1 Ne4 46. Rd1 exf2+ 47.
Bxf2 Re8 48. Rc1 Nxg3 49. Bxg3 Bd3 50. Kd2 Bxe2 51. c5 Bb5 52. Re1 Rxe1 53.
Kxe1 g5 54. hxg5 Kg6 55. Bf4 Kf5 56. Bd2 Bd3 57. Kf2 Kg4 58. Kg2 h4 59. Kh2 Be4
60. Bc1 Bf5 61. Bd2 Kf3 62. Be1 h3 63. Bc3 Kg4 64. Bd2 1/2-1/2

[Event "3. Igor Platonov Memorial"]
[Site "Kyiv UKR"]
[Date "2005.01.08"]
[Round "5.2"]
[White "Vysochin, Spartak"]
[Black "Kruppa, Yuri"]
[Result "1-0"]
[WhiteElo "2579"]
[BlackElo "2553"]
[PlyCount "144"]
[EventDate "2005.01.04"]
[EventType "tourn"]
[EventRounds "9"]
[EventCountry "UKR"]
[EventCategory "8"]
[Source "lmi"]
[SourceDate "2005.01.12"]

1. e4 e6 2. d4 d5 3. Nd2 c5 4. Ngf3 cxd4 5. Nxd4 Nc6 6. Bb5 Bd7 7. Nxc6 Bxc6 8.
Bxc6+ bxc6 9. c4 Bc5 10. Qa4 Ne7 11. exd5 exd5 12. Nb3 Bb6 13. c5 Bc7 14. O-O
Qd7 15. Bf4 Bxf4 16. Qxf4 O-O 17. Nd4 Ng6 18. Qg3 a5 19. h4 f6 20. Rae1 Ne5 21.
f4 Nc4 22. Qc3 a4 23. b3 axb3 24. axb3 Na3 25. Re2 Rfe8 26. Rfe1 Rxe2 27. Rxe2
Re8 28. Rxe8+ Qxe8 29. Kf2 Kf7 30. Qe3 Qd7 31. Qc1 Nb5 32. Nxb5 cxb5 33. c6 Qc7
34. Kf3 Ke6 35. Qc5 b4 36. g3 f5 37. h5 Qd6 38. Qe3+ Kf6 39. Qc1 Qc7 40. Qc5
Ke6 41. Ke3 g5 42. hxg6 hxg6 43. Kd3 g5 44. Qe3+ Kf7 45. Qc5 gxf4 46. Qxd5+ Ke7
47. Qc5+ Ke8 48. gxf4 Qxf4 49. Qd5 Qf1+ 50. Ke3 Qc1+ 51. Ke2 f4 52. Qe5+ Kd8
53. Qb8+ Ke7 54. Qxb4+ Ke6 55. Qb6 Kf5 56. Kd3 Qd1+ 57. Kc3 Qc1+ 58. Kb4 Ke6
59. Qb7 Qd2+ 60. Kb5 Qd5+ 61. Ka6 Qd6 62. Ka7 Qa3+ 63. Qa6 Qxa6+ 64. Kxa6 Kd6
65. Kb6 f3 66. c7 f2 67. c8=Q f1=Q 68. Qd8+ Ke6 69. Qc8+ Ke7 70. b4 Qf6+ 71.
Qc6 Qb2 72. b5 Kd8 1-0

[Event "3. Igor Platonov Memorial"]
[Site "Kyiv UKR"]
[Date "2005.01.08"]
[Round "5.3"]
[White "Pavlov, Sergey"]
[Black "Lutsko, Igor"]
[Result "1-0"]
[WhiteElo "2368"]
[BlackElo "2527"]
[PlyCount "101"]
[EventDate "2005.01.04"]
[EventType "tourn"]
[EventRounds "9"]
[EventCountry "UKR"]
[EventCategory "8"]
[Source "lmi"]
[SourceDate "2005.01.12"]

1. e4 c5 2. Nf3 d6 3. d4 cxd4 4. Nxd4 Nf6 5. Nc3 Nc6 6. Bg5 e6 7. Qd2 a6 8.
O-O-O Bd7 9. f3 h6 10. Be3 b5 11. Nxc6 Bxc6 12. Ne2 Qc7 13. Nd4 Bb7 14. g4 Nd7
15. Bd3 Be7 16. Kb1 Ne5 17. h4 Rc8 18. g5 h5 19. Rhe1 g6 20. Qe2 O-O 21. f4 Ng4
22. Nf3 e5 23. fxe5 dxe5 24. Bg1 Rcd8 25. c4 Qa5 26. c5 Bc8 27. b3 Be6 28. Qb2
Qb4 29. Qc2 a5 30. Kb2 a4 31. Qc3 Qxc3+ 32. Kxc3 axb3 33. axb3 b4+ 34. Kb2 f6
35. gxf6 Bxf6 36. Be2 Ra8 37. Ra1 Be7 38. Rxa8 Rxa8 39. Rc1 Kg7 40. c6 Bc8 41.
Bc4 Nf6 42. Ng5 Ne8 43. Bb6 Nd6 44. Ne6+ Kh7 45. Nc7 Ra3 46. Bd5 Bxh4 47. Bc5
Be7 48. Bxb4 Ra7 49. Bxd6 Bxd6 50. Nb5 Bb8 51. c7 1-0

[Event "3. Igor Platonov Memorial"]
[Site "Kyiv UKR"]
[Date "2005.01.08"]
[Round "5.4"]
[White "Shishkin, Vadim"]
[Black "Kislinsky, Alexey"]
[Result "1-0"]
[WhiteElo "2488"]
[BlackElo "2406"]
[PlyCount "87"]
[EventDate "2005.01.04"]
[EventType "tourn"]
[EventRounds "9"]
[EventCountry "UKR"]
[EventCategory "8"]
[Source "lmi"]
[SourceDate "2005.01.12"]

1. d4 g6 2. c4 Bg7 3. Nc3 c5 4. d5 e5 5. e4 d6 6. h4 h5 7. g3 a6 8. Bh3 Nd7 9.
a4 Nh6 10. f3 O-O 11. Qc2 Rb8 12. b3 Kh8 13. Bg5 f6 14. Be3 Ng8 15. g4 Bh6 16.
Bxh6 Nxh6 17. gxh5 gxh5 18. Nge2 Rg8 19. Kf2 Nf8 20. Bxc8 Rxc8 21. Ng3 Qe8 22.
Nf5 Nxf5 23. exf5 Qd7 24. Rhg1 Qh7 25. Ne4 Qxf5 26. Rxg8+ Kxg8 27. Rg1+ Kh8 28.
Qd2 Rc7 29. Qh6+ Nh7 30. Rg6 Rf7 31. Nxf6 Qxf6 32. Rxf6 Rxf6 33. Qxh5 Kg7 34.
Qg4+ Kh6 35. Ke3 a5 36. Qd7 b6 37. Qc7 Nf8 38. Qxb6 Ng6 39. Qd8 Rf7 40. Qxd6
Rb7 41. Ke4 Rxb3 42. Qxc5 Nxh4 43. Qf8+ Kh7 44. Qe7+ 1-0

[Event "3. Igor Platonov Memorial"]
[Site "Kyiv UKR"]
[Date "2005.01.08"]
[Round "5.5"]
[White "Itkis, Boris"]
[Black "Sergeev, Vladimir"]
[Result "0-1"]
[WhiteElo "2454"]
[BlackElo "2438"]
[PlyCount "166"]
[EventDate "2005.01.04"]
[EventType "tourn"]
[EventRounds "9"]
[EventCountry "UKR"]
[EventCategory "8"]
[Source "lmi"]
[SourceDate "2005.01.12"]

1. d4 Nf6 2. Nf3 c5 3. d5 g6 4. Nc3 Bg7 5. e4 O-O 6. Be2 d6 7. O-O Na6 8. Re1
Nc7 9. a4 b6 10. h3 e6 11. dxe6 Nxe6 12. Bc4 Bb7 13. Qd3 Nd4 14. Bg5 h6 15.
Nxd4 cxd4 16. Bxf6 Qxf6 17. Nd5 Bxd5 18. Bxd5 Rab8 19. Ra3 Rfc8 20. Qd2 Rc7 21.
Rf3 Qg5 22. Qd3 Be5 23. g3 h5 24. h4 Qg4 25. Kg2 Kg7 26. Bb3 Re8 27. Qd2 Ree7
28. Rd3 Kh7 29. Re2 Bg7 30. f3 Qd7 31. Qe1 Rc5 32. f4 a5 33. Rf3 Qc6 34. Kf2 d3
35. Rxd3 Bxb2 36. Qd1 Rxe4 37. Rxe4 Qxe4 38. Qf3 Qe7 39. Kg2 b5 40. axb5 Rxb5
41. Re3 Qc7 42. Qe2 Qc6+ 43. Qf3 Qc7 44. Qe2 Rf5 45. Re7 Qc6+ 46. Qe4 d5 47.
Qa4 Qc3 48. Qb5 Ba3 49. Re2 Bb4 50. Qd3 Qc6 51. Re5 d4+ 52. Qf3 Qxf3+ 53. Kxf3
Rxe5 54. fxe5 Kg7 55. Ba4 Kf8 56. Ke4 Be1 57. Kf3 Ke7 58. Bb3 Bb4 59. Ke4 Bc5
60. Kf4 Bb6 61. Ke4 Bc7 62. Kxd4 f6 63. Ke4 Bxe5 64. Kf3 g5 65. hxg5 fxg5 66.
Ba4 g4+ 67. Kg2 Bc3 68. Bb5 Kf6 69. Be8 Kg5 70. Bc6 Be1 71. c4 Bb4 72. Kf2 Bc5+
73. Ke2 h4 74. gxh4+ Kxh4 75. Kf1 Kg3 76. Bd7 Kf3 77. Bc6+ Ke3 78. Kg2 Bd6 79.
c5 Bc7 80. Kf1 Kd2 81. Bd7 g3 82. Bc6 Kc3 83. Ke2 Kb4 0-1

[Event "3. Igor Platonov Memorial"]
[Site "Kyiv UKR"]
[Date "2005.01.09"]
[Round "6.1"]
[White "Moliboga, Vladimir"]
[Black "Shishkin, Vadim"]
[Result "1/2-1/2"]
[WhiteElo "2314"]
[BlackElo "2488"]
[PlyCount "94"]
[EventDate "2005.01.04"]
[EventType "tourn"]
[EventRounds "9"]
[EventCountry "UKR"]
[EventCategory "8"]
[Source "lmi"]
[SourceDate "2005.01.12"]

1. e4 c5 2. Nf3 Nc6 3. d4 cxd4 4. Nxd4 Nf6 5. Nc3 d6 6. Bc4 Qb6 7. Nb3 e6 8.
O-O Be7 9. a4 a6 10. a5 Qc7 11. f4 Bd7 12. Be3 Rc8 13. Bd3 Nb4 14. Qf3 O-O 15.
Rae1 Bc6 16. Qg3 d5 17. Bb6 Qb8 18. e5 Ne4 19. Bxe4 dxe4 20. Nd4 Nd5 21. Nxd5
Bxd5 22. b3 Bb4 23. c4 Bxe1 24. Rxe1 Bc6 25. f5 f6 26. Nxe6 Rf7 27. Bd4 Re8 28.
Qh3 fxe5 29. Bc3 Bd7 30. Ng5 Qa7+ 31. Re3 Bxf5 32. g4 Bg6 33. Nxf7 Bxf7 34. Qg3
Qc5 35. Kg2 Bg6 36. h4 h6 37. h5 Bh7 38. g5 hxg5 39. Qxg5 Re7 40. h6 Qd6 41.
Rg3 Qe6 42. hxg7 Bf5 43. Kh2 e3 44. Qxe3 Rxg7 45. Qxe5 Rxg3 46. Kxg3 Qg6+ 47.
Kf2 Be4 1/2-1/2